| 000 | 01226nam a2200325Ic 4500 | ||
|---|---|---|---|
| 001 | 58811 | ||
| 003 | CO-BoRNBP | ||
| 005 | 20250828152749.0 | ||
| 007 | ta | ||
| 008 | 200115s9999 xx 000 0 und d | ||
| 020 | _a9789585595095 | ||
| 040 |
_aCO-BoRNBP _bspa _erda _cCO-BoRNBP |
||
| 041 | 0 | _aspa | |
| 082 | 0 | 4 |
_a923.686 _bS14r |
| 100 |
_aRobledo, Beatriz Helena, _d1964 _eaut _964031 |
||
| 245 | 1 | 1 |
_a¡Viva la Pola! : _bbiografía de Policarpa Salabarrieta / _cBeatriz Helena Robledo ; ilustrado por Olga Cuéllar. |
| 250 | _aEdición especial | ||
| 264 | 1 |
_aBogotá, Colombia : _bInstituto Distrital de las Artes IDARTES, _c2019 |
|
| 300 |
_a109 páginas : _bilustraciones |
||
| 336 |
_2rdacontent _atexto _btxt |
||
| 337 |
_2rdamedia _asin mediación _bn |
||
| 338 |
_2rdacarrier _avolumen _bnc |
||
| 490 | 0 | _aPlan Nacional de Lectura y Escritura Leer es mi Cuento / Ministerio de Cultura | |
| 521 | _aRecomendado para un público infantil mayor de 9 años | ||
| 600 | 0 |
_aSalabarrieta, Policarpa _d1795-1817 _vBiografías _964032 |
|
| 650 | 0 | 7 |
_aMujeres en Colombia _xLiteratura infantil _vBiografías _2lemb _964033 |
| 655 |
_aBiografías _962863 |
||
| 700 |
_aCuéllar Serrano, Olga, _d1958- _eill |
||
| 942 |
_2ddc _cBK |
||
| 999 |
_c58811 _d58811 |
||